000 00738nam a2200205Ia 4500
003 GCL
005 20240530095402.0
008 140319s9999 xx 000 0 ara d
040 _aGCL /
_cGCL
082 0 4 _a050
_bد/د هـ
245 1 0 _aهل عثروا على قصر كليوباترا فاتنة التاريخ ملهمة الشعراء ( الهلال ديسمبر 1996 )
260 _aالقاهرة :
_bدار الهلال للطباعة والنشر ،
_c1996
650 0 4 _aالشعر العربى
650 0 4 _aالنزاع العربى الاسرائيلى
650 0 4 _aاللغة العربية
650 0 4 _aالصهيونية
650 0 4 _aالاسكندرية
650 0 4 _aالتعليم - مصر
942 _2ddc
_cCR
999 _c6718
_d6718